La nueva tierra : Teilhard de Chardin y el cristianismo en el mundo moderno /

I tiakina i:
Ngā taipitopito rārangi puna kōrero
Kaituhi matua: Lepp, Ignace (autor)
Ētahi atu kaituhi: Molina, Justo (traducción) (traducción)
Hōputu: Pukapuka
Reo:Pāniora
I whakaputaina: Buenos Aires, Argentina : Carlos Lohlé, 1963, c1963
Ngā Tūtohu: Tāpirihia he Tūtohu
Kāore He Tūtohu, Me noho koe te mea tuatahi ki te tūtohu i tēnei pūkete!

MARC

LEADER 00000nam^a2200000^a^4500
001 000613312
005 20250521000000.0
009 20260310133619.294
025 |a Donación Juan Lafarga Corona, 1 ejemplar 
037 |a Acervo Xavier Clavigero 
041 |a ESP 
091 |a FLC. 00252 
100 |a Lepp, Ignace  |e (autor) 
245 1 3 |a La nueva tierra :  |b Teilhard de Chardin y el cristianismo en el mundo moderno / 
264 4 |a Buenos Aires, Argentina :  |b Carlos Lohlé,  |c 1963, c1963 
300 |a 196 p. 
336 |a texto  |b txt  |2 rdacontenido 
337 |a sin mediación  |b n  |2 rdamedio 
338 |a volumen  |b nc  |2 rdasoporte 
500 |a Traducción de: Die Neue erde: Teilhard de Chardin und das Christentum in der Modernen Welt 
561 |a Ex libris de Universidad Iberoamericana Ciudad de México, Biblioteca Francisco Xavier Clavigero 
649 |a XX 
700 |a Molina, Justo  |e (traducción) 
910 |a Fondo Juan Lafarga Corona S.J. 
920 |a Impresos - Libros 
930 |a Fondos Especiales 
905 |a 145 
901 |a 613312-10  |b IT2  |c ESL  |i D  |u 20250521 
902 |a https://opac.biblio.iteso.mx/vufind/Record/000613312